| 000 | 01854nas a2200301 i 4500 | ||
|---|---|---|---|
| 001 | 47606 | ||
| 003 | DR-UNIBE | ||
| 005 | 20260316154929.0 | ||
| 007 | ta | ||
| 008 | 260316e2007 dr bn|p|r||||||0| ||spa d | ||
| 040 |
_aBIBLIOTECA UNIBE _cDO-SdBNP _bspa _erda |
||
| 041 | _aspa | ||
| 110 |
_aRepública Dominicana. Procuraduría General de la República _980921 _bMinisterio Público |
||
| 245 | 1 | 0 |
_aMinisterio público : _bórgano de Difusión de la Procuraduría General de la República. |
| 264 |
_aSanto Domingo, República Dominicana : _bProcuraduría General de la República Dominicana, _c2007. |
||
| 300 |
_avolumen : _bilustraciones, fotografías, gráficas _c30.4 cm. |
||
| 310 | _aBimestral. | ||
| 336 |
_atexto _btxt _2rdacontent |
||
| 337 |
_asin mediación _bn _2rdamedia |
||
| 338 |
_avolumen _bnc _2rdacarrier |
||
| 362 | _aAño 1. No.1, agosto 2007. | ||
| 500 | _aCatalogación basada en el: Año 1. No.1, agosto 2007. | ||
| 520 | _aEl Ministerio Público es el organismo del sistema de justicia responsable de la formulación e implementación de la política del Estado contra la criminalidad, dirige la investigación penal y ejerce la acción penal pública en representación de la sociedad. En el ejercicio de sus funciones, el Ministerio Público respeta la Constitución y el ordenamiento jurídico dictado conforme a ésta, garantiza los derechos fundamentales que asisten a las personas, defiende el interés público tutelado por la ley, promueve la resolución alternativa de disputas y protege a las víctimas y testigos. | ||
| 650 |
_aDerecho _9600 _vPublicaciones periódicas _zRepública Dominicana |
||
| 650 | 0 |
_aFiscales _916562 _vPublicaciones periódicas _zRepública Dominicana |
|
| 650 | 0 |
_aAdministración de justicia _910083 _vPublicaciones periódicas _zRepública Dominicana |
|
| 942 |
_2ddc _cISSUE |
||
| 999 |
_c60507 _d60507 |
||